Toutes les stations de Tramway d'Angers - Statistiques

Statistiques générales
  • Ce quiz a été pris 150 fois
  • Le résultat moyen est 31 sur 62
Statistiques - réponses
Réponse % Correct
Les Gares
89%
Les Gares
89%
Foch-Haras
81%
Foch-Haras
81%
Foch-Maison Bleue
78%
Foch-Maison Bleue
78%
Roseraie
77%
Roseraie
77%
Ralliement
72%
Molière
71%
Molière
71%
Bamako
70%
Bamako
70%
St Serge Université
63%
St-Serge Université
63%
CHU-Hôpital
62%
La Fayette
62%
La Fayette
62%
Hôtel de Ville
61%
Avrillé-Ardenne
59%
Doutre
57%
Doutre
57%
Le Quai
57%
Le Quai
57%
Belle-Beille Campus
56%
Belle-Beille Campus
56%
Monplaisir
54%
Strasbourg
47%
Strasbourg
47%
Berges de Maine
45%
Patton
44%
Patton
44%
Centre de Congrès
43%
Centre de Congrès
43%
Conservatoire
43%
Jean XXIII
43%
Jean XXIII
43%
Verneau
42%
Jean Moulin
41%
Farcy
39%
Farcy
39%
Jean Vilar
39%
Jean Vilar
39%
Elysée
38%
Elysée
38%
Capucins
37%
Terra Botanica
37%
La Barre
35%
La Barre
35%
Acacias
32%
Montaigne
31%
Hauts de St-Aubin
29%
Beaussier
28%
Beaussier
28%
Bois du Roy
25%
Bascule
24%
Plateau Mayenne
24%
Europe
23%
Deux-Croix
22%
St-Gilles
22%
Allonneau-Dunant
19%
Brisepotière
18%
Aucun quiz correspondant
Distribution des résultats
% des personnes avec chaque résultat
Percentile par nombre de réponses
Votre historique - résultats
Vous n’avez pas pris ce quiz